| 000 | 01183cam a2200385 a 4500 | ||
|---|---|---|---|
| 001 | 5765 | ||
| 003 | FISKH | ||
| 005 | 20250121111507.0 | ||
| 008 | 040713s2005 nyua b 000 1 eng | ||
| 010 | _a 2004016163 | ||
| 020 | _a0316158879 | ||
| 020 | _a9780316001113 | ||
| 020 | _a0316001112 (pbk.) | ||
| 040 |
_aDLC _cDLC _dDLC _beng |
||
| 050 | _aPZ7.B81618 | ||
| 082 | _a557 | ||
| 100 | 1 | _aBrown, Marc | |
| 245 | 1 | 0 |
_aBuster and the giant pumpkin / _cby Marc Brown. |
| 260 |
_aNew York : _bLittle Brown, _c2005. |
||
| 300 |
_a32 unnumbered pages : _bcolor illustrations ; _c23 cm |
||
| 440 | 0 |
_aPassport to reading. _nLevel 1 |
|
| 500 | _a"Postcards from Buster." | ||
| 500 | _aIncludes detachable postcards and bookmark. | ||
| 505 | _aJ | ||
| 520 | _aBuster sends postcards to his friends back home when he goes to Oregon and learns about pumpkins. | ||
| 521 | 8 |
_a430
_bLexile |
|
| 521 | 8 |
_aJ
_bRaz-Plus |
|
| 650 | 1 |
_aPumpkins _vFiction. |
|
| 650 | 1 |
_aRabbits _vFiction. |
|
| 650 | 1 |
_aPostcards _vFiction. |
|
| 651 | 1 |
_aSeattle (Wash.) _vFiction. |
|
| 906 |
_a7 _bcbc _corignew _d1 _eecip _f20 _gy-gencatlg |
||
| 942 |
_2ddc _cBK _n0 |
||
| 999 |
_c5765 _d5765 |
||